000
00237 a2200097 4500
001
46644
100
_a
Drake
245
_a
The drama of graf space and the battle of the plate
260
_a
London
_b
Peter Davies
_c
090
_c
29744
_d
29744
942
_a
NUST-CAE
_c
M
_c
21940
999
_c
281717
_d
281717